|
|
แสดงรายละเอียดบรรณานุกรม |
|
|
Brief Record
: Get Marc (ISO 2709)
: E-mail record
: |
| LEADER 00000nama 2200000uu 4500 | |||
| 008 040531s2547 th m m a000 0 tha d | |||
| 020 974-465-603-4 | |||
| 041 tha | |||
| 050 วจ WY157 ภ185ก | |||
| 100 ภรรวษา จันทศิลป์ | |||
| 245 รายงานการวิจัยเรือง การศึกษาความพึงพอใจของผู้คลอดต่อการปฏิบัติการพยาบาลของนักศึกษาพยาบาลศาสตรบัณฑิต(ต่อเนื่อง 2 ปี) ชั้นปีที่ 1รุ่นที่ 11 วิทยาลัยพยาบาลศรีมหาสารคาม | |||
| 246 การปฏิบัติการพยาบาล - การคลอด การคลอด | |||
| 260 มหาสารคาม วิทยาลัยพยาบาลศรีมหาสารคาม 2547 | |||
| 300 40 หน้า | |||
| 650 นักศึกษาพยาบาลศาสตรบัณฑิต | |||
| คุณยังไม่ได้ล็อกอิน คุณสามารถมีกิจกรรมร่วมกับเว็บไซต์ได้ แต่ต้องล็อกอินก่อน :: |
|
| สถานะ | |||||||||
| 1. | หนังสือทั่วไป | วจ WY157 ภ185ก 2547 | On Shelf ขอยืม | ||||||
| [แสดง 1/1 รายการ] | |||||||||
| รายการใกล้เคียง ผู้แต่ง [ภรรวษา จันทศิลป์]
|
BibComment |
| คอมเมนท์ทรัพยากรรายการนี้ |
|
|